000 00580nam a2200157Ia 4500
008 160316s2009 xxu||||| |||| 00| 0 eng d
082 _a350.000000
_bGOE
100 _aGoel S.L.
245 _aThe Indian Journal of Public Administration
250 _a
260 _aNew Delhi
_bThe Indian Institute of Public Administration
_c2009
300 _a163
_b
_c
365 _b
650 _a1. Development administration 2. Chilrens rights - jurisprudence 3. Right to information - e-governance 4. Eradicate Illiteracy 5. Climate change 6. Panchayati Raj 7. Health care
700 _a
_a
999 _c39517
_d39517